| 000 | 00477nam a2200157Ia 4500 | ||
|---|---|---|---|
| 008 | 210716s1991 xx 000 0 und d | ||
| 020 | _a0873931211 | ||
| 041 | _aeng | ||
| 082 | _a658.1511 FERW | ||
| 100 | _aFerrara, William L;Dougherty, Frank P;Boer, Germain B. | ||
| 245 |
_aManagerial cost accounting: planning and control. _bPlanning and control. |
||
| 250 | _a1 | ||
| 260 |
_aUSA _bDAME publications inc. _c1991 |
||
| 300 | _axxi,757 | ||
| 650 | _aManagement Accounting | ||
| 999 |
_c203064 _d203064 |
||